Facezie /

Guardat en:
Dades bibliogràfiques
Autor principal: Bracciolini, Poggio (Autor)
Format: Llibre
Idioma:italià
Publicat: Milano : Dall'Oglio, 1964
Col·lecció:I corvi. Sezione avorio ; 6
I corvi ; 30
Etiquetes: Afegir etiqueta
Sense etiquetes, Sigues el primer a etiquetar aquest registre!

MARC

LEADER 00000nam a22000007i 4500
001 IT\ICCU\PUV\0598166
003 ItRI
005 20250722160720.0
008 000915s1964 it |||||| ||||| |||||c
040 |b ita  |c ct 
041 7 |a ita  |2 ISO-639-2 
082 |a 873.04  |2 23 
100 1 |a Bracciolini, Poggio  |0 IT\ICCU\CFIV\004337  |4 aut 
240 1 0 |a Facetiae .  |9 Bracciolini, Poggio 
245 1 0 |a Facezie /  |c di Bracciolini (Poggio Fiorentino). 
260 |a Milano :  |b Dall'Oglio,  |c 1964 
300 |a 216 p. ;  |c 18 cm 
830 2 |a I corvi. Sezione avorio ;  |v 6  |0 IT\ICCU\CFI\0064232 
830 2 |a I corvi ;  |v 30  |0 IT\ICCU\RAV\0191513 
942 |2 ddc  |c BK 
952 |0 0  |1 0  |2 ddc  |4 0  |7 0  |9 7168  |a MI  |b MI  |d 1988-02-29  |i 867  |l 0  |p CDOM867  |r 2025-07-13 16:28:32  |w 2025-07-13  |x ACQUISTO  |y BK 
981 1 |6 z01  |a i   |b xxxe  
982 1 |6 z01  |a n 
999 |c 5864  |d 5864